000 00341pab a2200145 454500
008 180718b2000 xxu||||| |||| 00| 0 eng d
100 _aChandra, Satish
245 _aEducation - challenges and prospects
260 _c2000
300 _ap.30-36
362 _aDec
650 _aEducation
773 _aMan and Development
909 _a47657
999 _c47657
_d47657